[Event "HUN-chT2 Asztalos 0809"]
[Site "Hungary"]
[Date "2009.04.19"]
[Round "11"]
[White "Izso, Laszlo"]
[Black "Szotak, Laszlo"]
[Result "1/2-1/2"]
[WhiteElo "2001"]
[BlackElo "2002"]
[PlyCount "78"]
[EventDate "2008.10.26"]
[EventType "tourn"]
[EventRounds "11"]
[EventCountry "HUN"]
[SourceTitle "EXT 2010"]
[Source "ChessBase"]
[SourceDate "2010.11.25"]
[SourceVersion "1"]
[SourceVersionDate "2010.11.25"]
[SourceQuality "1"]
[WhiteTeam "MAV Elore"]
[BlackTeam "Szenna Pack II"]
[WhiteTeamCountry "HUN"]
[BlackTeamCountry "HUN"]

1. d4 f5 2. e4 fxe4 3. Nc3 Nf6 4. Bg5 g6 5. Bxf6 exf6 6. Bc4 f5 7. Nh3 c6 8. d5 Bg7 9. Qd2 b5 10. Bb3 Qf6 11. d6 Bb7 12. 0-0 Na6 13. a4 b4 14. Nd1 Rb8 15. c3 bxc3 16. bxc3 Nc5 17. Bc4 Ne6 18. Nf4 Bh6 19. Bxe6 Bxf4 20. Bxd7+ Kxd7 21. Qxf4 Qxd6 22. Qe3 c5 23. Nb2 Ke7 24. Rad1 Qc6 25. f3 Kf6 26. Nc4 Rhd8 27. Na5 Qc7 28. Nxb7 Rxd1 29. Rxd1 Rxb7 30. fxe4 Qe7 31. Rf1 Qe5 32. Qf3 Rb3 33. exf5 gxf5 34. Qc6+ Kg5 35. h4+ Kxh4 36. Qh6+ Kg4 37. Qxh7 Rxc3 38. Qg6+ Kh4 39. Qh6+ Kg4 1/2-1/2

[Event "HUN-chT2 Asztalos 0809"]
[Site "Hungary"]
[Date "2009.01.25"]
[Round "6"]
[White "Vince, Viola"]
[Black "Izso, Laszlo"]
[Result "1-0"]
[WhiteElo "2001"]
[BlackElo "2001"]
[PlyCount "43"]
[EventDate "2008.10.26"]
[EventType "tourn"]
[EventRounds "11"]
[EventCountry "HUN"]
[SourceTitle "EXT 2010"]
[Source "ChessBase"]
[SourceDate "2010.11.25"]
[SourceVersion "1"]
[SourceVersionDate "2010.11.25"]
[SourceQuality "1"]
[WhiteTeam "Szekszard/Decs II"]
[BlackTeam "MAV Elore"]
[WhiteTeamCountry "HUN"]
[BlackTeamCountry "HUN"]

1. d4 d6 2. c4 Nf6 3. Nc3 Nbd7 4. e4 e5 5. Nf3 Be7 6. Be2 0-0 7. 0-0 c6 8. d5 a6 9. Be3 c5 10. Nd2 h6 11. g3 g5 12. h4 Nh7 13. Kg2 Kg7 14. hxg5 hxg5 15. Bg4 Rh8 16. Bf5 Nhf8 17. Rh1 Rxh1 18. Qxh1 Ng6 19. Nf3 Nb6 20. b3 Bd7 21. Qh5 Qh8 22. Qg4 1-0

[Event "HUN-chT2 Asztalos 0809"]
[Site "Hungary"]
[Date "2008.12.21"]
[Round "4"]
[White "Izso, Laszlo"]
[Black "Toth, Zsolt"]
[Result "0-1"]
[WhiteElo "2001"]
[BlackElo "1849"]
[PlyCount "78"]
[EventDate "2008.10.26"]
[EventType "tourn"]
[EventRounds "11"]
[EventCountry "HUN"]
[SourceTitle "EXT 2010"]
[Source "ChessBase"]
[SourceDate "2010.11.25"]
[SourceVersion "1"]
[SourceVersionDate "2010.11.25"]
[SourceQuality "1"]
[WhiteTeam "MAV Elore"]
[BlackTeam "Pannonpower II"]
[WhiteTeamCountry "HUN"]
[BlackTeamCountry "HUN"]

1. d4 d5 2. Nf3 Nf6 3. Nbd2 h6 4. b3 Bf5 5. Ne5 e6 6. e3 Nbd7 7. Ndf3 Bd6 8. Bb2 c6 9. Be2 Qc7 10. h3 Be4 11. Nxd7 Nxd7 12. a3 0-0 13. c4 Be7 14. 0-0 Bf6 15. Nd2 Bg6 16. f4 dxc4 17. bxc4 c5 18. Nb3 Rfd8 19. Bd3 Bxd3 20. Qxd3 cxd4 21. exd4 Rac8 22. Rac1 Nb6 23. c5 Nd5 24. Qe4 Rd7 25. Nd2 Ne7 26. g4 Qc6 27. Qe3 Nd5 28. Qf2 Rcd8 29. Ne4 Be7 30. g5 f5 31. gxf6 Nxf6 32. Ng3 Ne4 33. Nxe4 Qxe4 34. Rce1 Qg6+ 35. Kh2 Re8 36. Rg1 Qf5 37. Re5 Qf7 38. f5 Bf6 39. fxe6 Bxe5+ 0-1

[Event "HUN-chT2 Asztalos 0809"]
[Site "Hungary"]
[Date "2008.11.30"]
[Round "3"]
[White "Forgacs, Laszlo"]
[Black "Izso, Laszlo"]
[Result "1-0"]
[WhiteElo "1625"]
[BlackElo "2001"]
[PlyCount "33"]
[EventDate "2008.10.26"]
[EventType "tourn"]
[EventRounds "11"]
[EventCountry "HUN"]
[SourceTitle "EXT 2010"]
[Source "ChessBase"]
[SourceDate "2010.11.25"]
[SourceVersion "1"]
[SourceVersionDate "2010.11.25"]
[SourceQuality "1"]
[WhiteTeam "Mohacs"]
[BlackTeam "MAV Elore"]
[WhiteTeamCountry "HUN"]
[BlackTeamCountry "HUN"]

1. e4 d6 2. d4 Nf6 3. Nc3 c6 4. h3 Nbd7 5. Nf3 e5 6. Be3 Be7 7. a4 a5 8. Bc4 0-0 9. 0-0 Qc7 10. d5 Nb6 11. Bb3 Bd7 12. Qe2 Nc8 13. Nd2 c5 14. f4 exf4 15. Bxf4 Ra6 16. e5 Qd8 17. exf6 1-0

[Event "HUN-chT2 Asztalos 0708"]
[Site "Hungary"]
[Date "2008.05.18"]
[Round "11"]
[White "Izso, Laszlo"]
[Black "Heinrich, Ferenc"]
[Result "1-0"]
[WhiteElo "2024"]
[BlackElo "1978"]
[PlyCount "69"]
[EventDate "2007.10.14"]
[EventType "team-tourn"]
[EventRounds "11"]
[EventCountry "HUN"]
[SourceTitle "EXT 2009"]
[Source "ChessBase"]
[SourceDate "2008.11.26"]
[SourceVersion "1"]
[SourceVersionDate "2008.11.26"]
[SourceQuality "1"]
[WhiteTeam "Elore MAV"]
[BlackTeam "Szenna Pack II"]
[WhiteTeamCountry "HUN"]
[BlackTeamCountry "HUN"]

1. d4 Nf6 2. Nf3 g6 3. Nc3 Bg7 4. e4 d6 5. Be2 0-0 6. h3 c5 7. dxc5 Qa5 8. 0-0 Qxc5 9. Be3 Qa5 10. a3 Nc6 11. b4 Qc7 12. Rc1 a6 13. Qd3 Be6 14. Nd5 Bxd5 15. exd5 Ne5 16. Nxe5 dxe5 17. c4 Rad8 18. Rfd1 Nd7 19. c5 f5 20. Qb3 Kh8 21. d6 exd6 22. cxd6 Qb8 23. f4 Rc8 24. Qe6 exf4 25. Bxf4 Qa7+ 26. Kh1 Qf2 27. Rxc8 Qxf4 28. Rxf8+ Nxf8 29. Qc4 Qg3 30. Qd3 Qxd3 31. Rxd3 Ne6 32. Bf3 Nd8 33. Re3 Bf6 34. Re7 b6 35. Bd5 1-0

[Event "HUN-chT2 Asztalos 0708"]
[Site "Hungary"]
[Date "2007.12.09"]
[Round "4"]
[White "Boros, Koppany"]
[Black "Izso, Laszlo"]
[Result "1-0"]
[WhiteElo "2043"]
[BlackElo "2024"]
[PlyCount "25"]
[EventDate "2007.10.14"]
[EventType "team-tourn"]
[EventRounds "11"]
[EventCountry "HUN"]
[SourceTitle "EXT 2009"]
[Source "ChessBase"]
[SourceDate "2008.11.26"]
[SourceVersion "1"]
[SourceVersionDate "2008.11.26"]
[SourceQuality "1"]
[WhiteTeam "Komlo Banyasz"]
[BlackTeam "Elore MAV"]
[WhiteTeamCountry "HUN"]
[BlackTeamCountry "HUN"]

1. e4 d6 2. d4 Nf6 3. Bd3 e5 4. Ne2 Be7 5. 0-0 0-0 6. f4 exf4 7. Nxf4 Bg4 8. Qe1 Qd7 9. h3 Bh5 10. e5 dxe5 11. dxe5 Bc5+ 12. Kh1 Re8 13. Qg3 1-0

[Event "HUN-chT2 Asztalos 0708"]
[Site "Hungary"]
[Date "2007.11.25"]
[Round "3"]
[White "Szijarto, Attila"]
[Black "Izso, Laszlo"]
[Result "1-0"]
[WhiteElo "2048"]
[BlackElo "2024"]
[PlyCount "155"]
[EventDate "2007.10.14"]
[EventType "team-tourn"]
[EventRounds "11"]
[EventCountry "HUN"]
[SourceTitle "EXT 2009"]
[Source "ChessBase"]
[SourceDate "2008.11.26"]
[SourceVersion "1"]
[SourceVersionDate "2008.11.26"]
[SourceQuality "1"]
[WhiteTeam "Nagyatad"]
[BlackTeam "Elore MAV"]
[WhiteTeamCountry "HUN"]
[BlackTeamCountry "HUN"]

1. e4 d6 2. d4 Nf6 3. Bd3 e5 4. d5 c6 5. c4 Be7 6. h3 0-0 7. Nc3 a5 8. Be3 Na6 9. Na4 c5 10. a3 Bd7 11. Nc3 Rb8 12. Nf3 Nc7 13. Qe2 Qe8 14. a4 Na6 15. b3 Nb4 16. g4 Nxd3+ 17. Qxd3 Qc8 18. 0-0-0 Ra8 19. Rdg1 Qc7 20. Ng5 Be8 21. h4 Nd7 22. f4 exf4 23. Bxf4 Ne5 24. Bxe5 dxe5 25. Qg3 Ra6 26. Nf3 Rf6 27. g5 Rf4 28. Rf1 Bd6 29. Nh2 f5 30. Rxf4 exf4 31. Qe1 fxe4 32. Nxe4 b6 33. Nxd6 Qxd6 34. Qc3 Bh5 35. Nf3 Bxf3 36. Qxf3 Qe5 37. Kc2 Re8 38. Rd1 Qd6 39. Rf1 Qg6+ 40. Kb2 Rf8 41. Re1 Re8 42. Rf1 Rf8 43. Kc3 Qf5 44. Re1 h6 45. gxh6 Qf6+ 46. Kc2 Qxh6 47. Qg4 Qh7+ 48. Kd2 f3 49. Rf1 f2 50. Qe6+ Kh8 51. Qe7 Qf5 52. Qe3 Qf6 53. Kc2 Qxh4 54. Qe6 Rf6 55. Qe3 Qh7+ 56. Kd2 Qh4 57. Kc2 Kh7 58. Kd2 Rf4 59. Kc2 g6 60. Kd2 b5 61. axb5 a4 62. b6 Rd4+ 63. Kc3 Qf6 64. Kc2 axb3+ 65. Qxb3 Qf5+ 66. Kb2 Rd2+ 67. Kc1 Rd3 68. Qb2 Qf4+ 69. Kb1 Qf3 70. Rxf2 Qd1+ 71. Qc1 Rb3+ 72. Rb2 Rxb2+ 73. Kxb2 Qd4+ 74. Qc3 Qf2+ 75. Kb3 Qf5 76. Ka4 Qd7+ 77. Ka5 g5 78. Qe3 1-0

[Event "HUN-chT2 Asztalos 0708"]
[Site "Hungary"]
[Date "2007.11.11"]
[Round "2"]
[White "Izso, Laszlo"]
[Black "Gerecs, Istvan"]
[Result "0-1"]
[WhiteElo "2024"]
[BlackElo "1941"]
[PlyCount "44"]
[EventDate "2007.10.14"]
[EventType "team-tourn"]
[EventRounds "11"]
[EventCountry "HUN"]
[SourceTitle "EXT 2009"]
[Source "ChessBase"]
[SourceDate "2008.11.26"]
[SourceVersion "1"]
[SourceVersionDate "2008.11.26"]
[SourceQuality "1"]
[WhiteTeam "Elore MAV"]
[BlackTeam "Pannonpower II"]
[WhiteTeamCountry "HUN"]
[BlackTeamCountry "HUN"]

1. d4 Nf6 2. Nf3 g6 3. Nc3 Bg7 4. Bf4 d6 5. e3 0-0 6. Be2 Nbd7 7. h4 Nb6 8. h5 Bg4 9. hxg6 hxg6 10. Ng5 Bxe2 11. Qxe2 Qd7 12. f3 Nbd5 13. g4 Nxc3 14. bxc3 Qc6 15. Kd2 e5 16. Bg3 exd4 17. exd4 Rfe8 18. Qd3 Qd5 19. Bf4 c5 20. Rh2 cxd4 21. cxd4 Qa5+ 22. Qc3 Qxc3+ 0-1

[Event "HUN-chT2 Asztalos 0708"]
[Site "Hungary"]
[Date "2007.10.14"]
[Round "1"]
[White "Izso, Laszlo"]
[Black "Raba, Rudolf"]
[Result "0-1"]
[WhiteElo "2024"]
[BlackElo "1972"]
[PlyCount "80"]
[EventDate "2007.10.14"]
[EventType "team-tourn"]
[EventRounds "11"]
[EventCountry "HUN"]
[SourceTitle "EXT 2009"]
[Source "ChessBase"]
[SourceDate "2008.11.26"]
[SourceVersion "1"]
[SourceVersionDate "2008.11.26"]
[SourceQuality "1"]
[WhiteTeam "Elore MAV"]
[BlackTeam "Fehervar"]
[WhiteTeamCountry "HUN"]
[BlackTeamCountry "HUN"]

1. Nf3 Nf6 2. d3 c5 3. e4 d6 4. Be2 Nc6 5. c3 g6 6. 0-0 Bg7 7. Nbd2 0-0 8. Nc4 b5 9. Ne3 Bb7 10. h4 Qd7 11. Nh2 b4 12. Bd2 a5 13. h5 d5 14. exd5 Nxd5 15. hxg6 hxg6 16. Nxd5 Qxd5 17. Qb3 Qd6 18. Nf3 Ne5 19. Nxe5 Qxe5 20. Rfe1 Qd6 21. Qc4 Bd5 22. Qg4 f5 23. Qg5 Kf7 24. Rad1 Rh8 25. f4 Bf6 26. Qg3 Bh4 27. Qe3 Bxe1 28. Bxe1 Bxa2 29. c4 Qd4 30. Bf2 Qxe3 31. Bxe3 Rhc8 32. Bf3 Ra7 33. Kf2 Bb3 34. Rc1 a4 35. d4 cxd4 36. Bxd4 Rd7 37. Be3 Rxc4 38. Re1 Rc2+ 39. Re2 Rxe2+ 40. Bxe2 a3 0-1

[Event "HUN-chT2 Asztalos 0607"]
[Site "Hungary"]
[Date "2007.05.20"]
[Round "11"]
[White "Izso, Laszlo"]
[Black "Csavassy, Gyorgy"]
[Result "1-0"]
[WhiteElo "2031"]
[BlackElo "1977"]
[PlyCount "99"]
[EventDate "2006.11.12"]
[EventType "team-tourn"]
[EventRounds "11"]
[EventCountry "HUN"]
[SourceTitle "EXT 2008"]
[Source "ChessBase"]
[SourceDate "2007.11.25"]
[SourceVersion "1"]
[SourceVersionDate "2007.11.25"]
[SourceQuality "1"]
[WhiteTeam "MAV Elore"]
[BlackTeam "Koppany"]
[WhiteTeamCountry "HUN"]
[BlackTeamCountry "HUN"]

1. Nf3 d5 2. d4 Nf6 3. e3 g6 4. Be2 Bg7 5. Nc3 0-0 6. 0-0 Nbd7 7. Ne5 a6 8. f4 e6 9. Bd2 c5 10. Rb1 b5 11. Bf3 Qb6 12. Be1 cxd4 13. exd4 Bb7 14. Bf2 Rac8 15. a3 Rc7 16. h4 Rfc8 17. h5 Nf8 18. Be3 Qd6 19. Rf2 Bc6 20. g4 Be8 21. g5 N6d7 22. Rh2 Nb6 23. hxg6 fxg6 24. Bg4 Nc4 25. Bc1 Qb6 26. Kh1 Qd6 27. Na2 a5 28. c3 Nxe5 29. fxe5 Qc6 30. Bd2 Rf7 31. Nc1 Qc4 32. Be2 Qc6 33. Nd3 Rcc7 34. Bg4 Rce7 35. Qe2 Bd7 36. Nc5 Bc8 37. Re1 Nd7 38. Nd3 Nf8 39. Qe3 Bh8 40. Qh3 Bd7 41. Bf3 Bc8 42. Nf2 Qb7 43. Ng4 Bg7 44. Nf6+ Bxf6 45. gxf6 Rc7 46. Rg1 Rxf6 47. exf6 Rf7 48. Qh4 Qc7 49. Bh5 Nd7 50. Bxg6 1-0

[Event "HUN-chT2 Asztalos 0607"]
[Site "Hungary"]
[Date "2007.05.06"]
[Round "10"]
[White "Percze, Gabor"]
[Black "Izso, Laszlo"]
[Result "1-0"]
[WhiteElo "2090"]
[BlackElo "2031"]
[PlyCount "41"]
[EventDate "2006.11.12"]
[EventType "team-tourn"]
[EventRounds "11"]
[EventCountry "HUN"]
[SourceTitle "EXT 2008"]
[Source "ChessBase"]
[SourceDate "2007.11.25"]
[SourceVersion "1"]
[SourceVersionDate "2007.11.25"]
[SourceQuality "1"]
[WhiteTeam "Nagyatad"]
[BlackTeam "MAV Elore"]
[WhiteTeamCountry "HUN"]
[BlackTeamCountry "HUN"]

1. e4 d6 2. d4 Nf6 3. Nc3 c6 4. f4 Qa5 5. e5 dxe5 6. dxe5 Ne4 7. Qf3 Bf5 8. g4 Nxc3 9. gxf5 Nd5+ 10. Bd2 Qb6 11. 0-0-0 Na6 12. c4 Ndc7 13. Bc3 e6 14. fxe6 Nxe6 15. f5 Nd8 16. e6 Qc7 17. exf7+ Qxf7 18. Re1+ Be7 19. f6 gxf6 20. Bxf6 Rf8 21. Bxe7 1-0

[Event "HUN-chT2 Asztalos 0607"]
[Site "Hungary"]
[Date "2007.04.29"]
[Round "9"]
[White "Prantner, Janos Jr"]
[Black "Izso, Laszlo"]
[Result "1/2-1/2"]
[WhiteElo "2095"]
[BlackElo "2031"]
[PlyCount "25"]
[EventDate "2006.11.12"]
[EventType "team-tourn"]
[EventRounds "11"]
[EventCountry "HUN"]
[SourceTitle "EXT 2008"]
[Source "ChessBase"]
[SourceDate "2007.11.25"]
[SourceVersion "1"]
[SourceVersionDate "2007.11.25"]
[SourceQuality "1"]
[WhiteTeam "Szekszard"]
[BlackTeam "MAV Elore"]
[WhiteTeamCountry "HUN"]
[BlackTeamCountry "HUN"]

1. d4 d6 2. e4 Nf6 3. Nc3 c6 4. Nf3 Bg4 5. h3 Bh5 6. Be3 Nbd7 7. Bd3 e5 8. Qe2 Be7 9. 0-0 0-0 10. b4 a6 11. a4 Qc7 12. Rab1 Rfe8 13. Kh1 1/2-1/2

[Event "HUN-chT2 Asztalos 0607"]
[Site "Hungary"]
[Date "2007.04.15"]
[Round "8"]
[White "Izso, Laszlo"]
[Black "Kovacs, Tibor"]
[Result "1-0"]
[WhiteElo "2031"]
[BlackElo "1978"]
[PlyCount "139"]
[EventDate "2006.11.12"]
[EventType "team-tourn"]
[EventRounds "11"]
[EventCountry "HUN"]
[SourceTitle "EXT 2008"]
[Source "ChessBase"]
[SourceDate "2007.11.25"]
[SourceVersion "1"]
[SourceVersionDate "2007.11.25"]
[SourceQuality "1"]
[WhiteTeam "MAV Elore"]
[BlackTeam "Pecs Karmin"]
[WhiteTeamCountry "HUN"]
[BlackTeamCountry "HUN"]

1. Nf3 Nf6 2. d3 g6 3. e4 d6 4. g3 Bg7 5. Bg2 0-0 6. 0-0 Nc6 7. c3 e5 8. Nbd2 Nh5 9. Nc4 Be6 10. Nh4 Qd7 11. Ne3 Ne7 12. Bf3 Nf6 13. g4 g5 14. Nhf5 h6 15. Nxe7+ Qxe7 16. Nf5 Bxf5 17. gxf5 Nd7 18. Be3 Rad8 19. Qd2 Kh7 20. Kg2 Rg8 21. h3 Nb6 22. c4 c5 23. Rh1 Bf6 24. Rag1 Rg7 25. Kf1 Rdg8 26. Be2 Nd7 27. Qe1 Nb8 28. Bc1 Nc6 29. Qd2 Nd4 30. Bd1 a6 31. Qe3 Rh8 32. Rg2 Kg8 33. Rhg1 Kf8 34. Qd2 Qd8 35. b4 b6 36. Qb2 Ke7 37. Bd2 Qc7 38. a4 Rb8 39. b5 a5 40. Qc1 Rbg8 41. h4 gxh4 42. Rxg7 Rxg7 43. Rxg7 Bxg7 44. Bxh6 Bf6 45. Bg5 Qd8 46. Bxf6+ Kxf6 47. Qh6+ Ke7 48. f6+ Kd7 49. Bg4+ Ne6 50. Qg7 Qe8 51. Qh6 Qd8 52. Qg7 Qe8 53. Bf5 Kd8 54. Bxe6 Qxe6 55. Qh8+ Qe8 56. Qxh4 Qg8 57. f4 Qe8 58. f5 Qg8 59. Kf2 Ke8 60. Qh5 Kd7 61. Kf3 Kd8 62. Qh6 Kd7 63. Qg7 Qe8 64. Kg4 Kd8 65. Kg5 Kd7 66. Kh6 Kd8 67. Kh7 Kd7 68. Qg8 Qxg8+ 69. Kxg8 Ke8 70. Kg7 1-0

[Event "HUN-chT2 Asztalos 0607"]
[Site "Hungary"]
[Date "2007.03.25"]
[Round "7"]
[White "Izso, Laszlo"]
[Black "Thurmer, Jeno"]
[Result "0-1"]
[WhiteElo "2031"]
[BlackElo "2073"]
[PlyCount "80"]
[EventDate "2006.11.12"]
[EventType "team-tourn"]
[EventRounds "11"]
[EventCountry "HUN"]
[SourceTitle "EXT 2008"]
[Source "ChessBase"]
[SourceDate "2007.11.25"]
[SourceVersion "1"]
[SourceVersionDate "2007.11.25"]
[SourceQuality "1"]
[WhiteTeam "MAV Elore"]
[BlackTeam "Komlo Banyasz"]
[WhiteTeamCountry "HUN"]
[BlackTeamCountry "HUN"]

1. Nf3 Nf6 2. d4 c5 3. e3 g6 4. Be2 Bg7 5. 0-0 0-0 6. c3 d6 7. Nbd2 Bf5 8. Nh4 Bd7 9. a4 Qc7 10. dxc5 dxc5 11. e4 Bc6 12. Qc2 Qf4 13. g3 Bxe4 14. Nxe4 Qxe4 15. Bd3 Qg4 16. Kg2 Nc6 17. h3 Qd7 18. Bc4 Ne5 19. Be2 Rad8 20. Bf4 Nd3 21. Be3 e5 22. Bxd3 Qxd3 23. Qxd3 Rxd3 24. Bxc5 Rfd8 25. Bxa7 Rd2 26. Rab1 Ne4 27. Be3 R2d3 28. Nf3 f5 29. a5 Nxg3 30. Bb6 Nxf1 31. Bxd8 Rxd8 32. Kxf1 e4 33. Ng5 Rd5 34. Ra1 Bf6 35. Ne6 Kf7 36. Nf4 Rd2 37. Rb1 Be5 38. Ne2 Rd3 39. Kg2 f4 40. Nc1 f3+ 0-1

[Event "HUN-chT2 Asztalos 0607"]
[Site "Hungary"]
[Date "2007.03.04"]
[Round "6"]
[White "Miovecz, Janos"]
[Black "Izso, Laszlo"]
[Result "1-0"]
[WhiteElo "2098"]
[BlackElo "2031"]
[PlyCount "77"]
[EventDate "2006.11.12"]
[EventType "team-tourn"]
[EventRounds "11"]
[EventCountry "HUN"]
[SourceTitle "EXT 2008"]
[Source "ChessBase"]
[SourceDate "2007.11.25"]
[SourceVersion "1"]
[SourceVersionDate "2007.11.25"]
[SourceQuality "1"]
[WhiteTeam "Balatonbereny"]
[BlackTeam "MAV Elore"]
[WhiteTeamCountry "HUN"]
[BlackTeamCountry "HUN"]

1. e4 d6 2. d4 Nf6 3. Bd3 e5 4. d5 c6 5. c4 Be7 6. Ne2 0-0 7. 0-0 Nbd7 8. Nbc3 Nc5 9. Bc2 Bg4 10. f3 Bh5 11. Be3 Ncd7 12. Qd2 a6 13. Ng3 Bg6 14. dxc6 bxc6 15. Rad1 Qc7 16. Nf5 Bxf5 17. exf5 Rad8 18. g4 Nb6 19. g5 Nxc4 20. Qe2 Nxe3 21. Qxe3 d5 22. gxf6 Bxf6 23. Qc5 Be7 24. Qf2 Qa5 25. Kh1 Rb8 26. Bb3 Bc5 27. Qg3 f6 28. Nxd5 Rxb3 29. axb3 cxd5 30. Rxd5 Qb4 31. Rc1 Be7 32. Rd7 Rf7 33. Rcc7 e4 34. Rb7 Qc5 35. Rdc7 Qd4 36. Rxe7 Qd1+ 37. Kg2 exf3+ 38. Kh3 Qf1+ 39. Kh4 1-0

[Event "HUN-chT2 Asztalos 0607"]
[Site "Hungary"]
[Date "2007.02.18"]
[Round "5"]
[White "Izso, Laszlo"]
[Black "Fehervari, Istvan"]
[Result "0-1"]
[WhiteElo "2031"]
[BlackElo "2088"]
[PlyCount "128"]
[EventDate "2006.11.12"]
[EventType "team-tourn"]
[EventRounds "11"]
[EventCountry "HUN"]
[SourceTitle "EXT 2008"]
[Source "ChessBase"]
[SourceDate "2007.11.25"]
[SourceVersion "1"]
[SourceVersionDate "2007.11.25"]
[SourceQuality "1"]
[WhiteTeam "MAV Elore"]
[BlackTeam "Varga Mafry"]
[WhiteTeamCountry "HUN"]
[BlackTeamCountry "HUN"]

1. d4 Nf6 2. Nf3 e6 3. e3 c5 4. Bd3 b6 5. 0-0 Bb7 6. b3 Be7 7. Bb2 Qc7 8. Nbd2 Nc6 9. a3 cxd4 10. exd4 d5 11. Rc1 Bd6 12. Re1 0-0 13. Ne5 Qe7 14. b4 Nd8 15. Qf3 a5 16. c3 g6 17. Bb1 Rc8 18. Re3 axb4 19. axb4 Bxe5 20. Rxe5 Nd7 21. Re3 e5 22. dxe5 d4 23. Re4 Bxe4 24. Nxe4 Qxe5 25. c4 Ne6 26. Bd3 Rc7 27. Bf1 f5 28. Nd2 Nf6 29. h3 Ne4 30. Nb3 Rd8 31. Re1 Qd6 32. Ba3 Ra7 33. c5 bxc5 34. bxc5 N6xc5 35. Nxc5 Nxc5 36. Bc4+ Kg7 37. Re6 Qc7 38. Re1 Ne4 39. Bf1 Qa5 40. Ra1 Qc7 41. Rc1 Qe5 42. Qd3 Rc7 43. Re1 Qa5 44. Rc1 Rxc1 45. Bxc1 Qe1 46. Qc2 Qc3 47. Qb1 Rd7 48. Qb5 Qc7 49. Bf4 Qb7 50. Qe5+ Nf6 51. Bg5 Qb6 52. Qf4 Qd6 53. Bh6+ Kh8 54. Qc1 d3 55. Qc3 Kg8 56. Qc8+ Kf7 57. g3 Rc7 58. Qb8 Rd7 59. Qc8 Ne4 60. Qh8 Nf6 61. Qc8 Qc7 62. Qf8+ Ke6 63. Qa8 d2 64. Qa6+ Kf7 0-1

[Event "HUN-chT2 Asztalos 0607"]
[Site "Hungary"]
[Date "2006.12.03"]
[Round "3"]
[White "Horvath, Jozsef2"]
[Black "Izso, Laszlo"]
[Result "1/2-1/2"]
[WhiteElo "2210"]
[BlackElo "2031"]
[PlyCount "65"]
[EventDate "2006.11.12"]
[EventType "team-tourn"]
[EventRounds "11"]
[EventCountry "HUN"]
[SourceTitle "EXT 2008"]
[Source "ChessBase"]
[SourceDate "2007.11.25"]
[SourceVersion "1"]
[SourceVersionDate "2007.11.25"]
[SourceQuality "1"]
[WhiteTeam "Balatonbereny"]
[BlackTeam "MAV Elore"]
[WhiteTeamCountry "HUN"]
[BlackTeamCountry "HUN"]

1. e4 d6 2. d4 Nf6 3. Nc3 c6 4. f4 Qa5 5. Bd3 e5 6. Nf3 exd4 7. Nxd4 Bg4 8. Nf3 Nbd7 9. h3 Bh5 10. 0-0 Qb6+ 11. Kh1 h6 12. Qe1 Bxf3 13. Rxf3 0-0-0 14. Be3 Qa5 15. a3 Kb8 16. b4 Qc7 17. Qf2 b6 18. a4 d5 19. Rb1 dxe4 20. Nxe4 Nxe4 21. Bxe4 Nf6 22. Bd3 Nd5 23. a5 Nxe3 24. Qxe3 Bd6 25. axb6 Qxb6 26. Qxb6+ axb6 27. b5 cxb5 28. Bxb5 Kc7 29. c4 Ra8 30. f5 f6 31. Rd1 Rhd8 32. Rfd3 Ra2 33. Rd5 1/2-1/2

[Event "HUN-chT2 Asztalos 0607"]
[Site "Hungary"]
[Date "2006.11.26"]
[Round "2"]
[White "Izso, Laszlo"]
[Black "Zamodics, Peter"]
[Result "1-0"]
[WhiteElo "2031"]
[BlackElo "1893"]
[PlyCount "113"]
[EventDate "2006.11.12"]
[EventType "team-tourn"]
[EventRounds "11"]
[EventCountry "HUN"]
[SourceTitle "EXT 2008"]
[Source "ChessBase"]
[SourceDate "2007.11.25"]
[SourceVersion "1"]
[SourceVersionDate "2007.11.25"]
[SourceQuality "1"]
[WhiteTeam "MAV Elore"]
[BlackTeam "Dombovar"]
[WhiteTeamCountry "HUN"]
[BlackTeamCountry "HUN"]

1. d4 d5 2. Nf3 Nf6 3. e3 e6 4. Bd3 c5 5. b3 b6 6. Qe2 Bb7 7. 0-0 Bd6 8. Bb2 0-0 9. Ne5 Nbd7 10. f4 Ne4 11. Rf3 f5 12. Rh3 Ndf6 13. Nd2 Nxd2 14. Qxd2 Bxe5 15. fxe5 Ne4 16. Qe2 g6 17. Rf1 Qe7 18. c4 Ng5 19. Rg3 Ne4 20. Rgf3 Rac8 21. Bxe4 fxe4 22. Rxf8+ Rxf8 23. Rxf8+ Qxf8 24. Ba3 Ba6 25. dxc5 bxc5 26. Qc2 Qf7 27. h3 Qc7 28. cxd5 Qxe5 29. dxe6 Qa1+ 30. Bc1 Qe5 31. Bb2 Qxe6 32. Qc3 Kf8 33. Qxc5+ Qe7 34. Qd4 Ke8 35. a4 Bd3 36. Qd5 a6 37. Bd4 Qh4 38. Kh2 Qe7 39. Bc5 Qc7+ 40. Bd6 Qf7 41. Qa8+ Kd7 42. Qb7+ Ke6 43. Qb6 Qd7 44. Bf4+ Kf7 45. Bg5 Ke8 46. Qf6 Qc7+ 47. Bf4 Qf7 48. Qh8+ Kd7 49. Qb8 Qe7 50. b4 g5 51. Qb7+ Ke8 52. Qxe7+ Kxe7 53. Bxg5+ Kf7 54. g4 Kg6 55. Bd8 h5 56. Kg3 Kh6 57. Kf4 1-0

[Event "HUN-chT2 Asztalos 0607"]
[Site "Hungary"]
[Date "2006.11.12"]
[Round "1"]
[White "Toth, David"]
[Black "Izso, Laszlo"]
[Result "1/2-1/2"]
[WhiteElo "2017"]
[BlackElo "2031"]
[PlyCount "87"]
[EventDate "2006.11.12"]
[EventType "team-tourn"]
[EventRounds "11"]
[EventCountry "HUN"]
[SourceTitle "EXT 2008"]
[Source "ChessBase"]
[SourceDate "2007.11.25"]
[SourceVersion "1"]
[SourceVersionDate "2007.11.25"]
[SourceQuality "1"]
[WhiteTeam "Pannonpower II"]
[BlackTeam "MAV Elore"]
[WhiteTeamCountry "HUN"]
[BlackTeamCountry "HUN"]

1. d4 d6 2. Nf3 Nf6 3. c4 g6 4. Nc3 Bg7 5. e4 0-0 6. Be2 e5 7. d5 Na6 8. Bg5 Qe8 9. Nd2 h6 10. Be3 Bd7 11. 0-0 g5 12. a3 c5 13. Rb1 Nh7 14. b4 b6 15. Nb5 Bxb5 16. cxb5 Nc7 17. a4 cxb4 18. Rxb4 f5 19. f3 f4 20. Bf2 h5 21. Rc4 Qd7 22. Qc2 Ne8 23. Rc1 Nhf6 24. Rc8 Rxc8 25. Qxc8 Qe7 26. a5 bxa5 27. Qb8 Rf7 28. Nc4 Qc7 29. Qxc7 Rxc7 30. Ra1 Nd7 31. Nxa5 Rc2 32. Bf1 Nc7 33. Bxa7 Nxd5 34. exd5 e4 35. Re1 Bc3 36. Rxe4 Bxa5 37. Re6 Bb4 38. Rg6+ Kf7 39. Rxg5 Nf6 40. g3 Bd2 41. gxf4 Bxf4 42. Rg2 Rc1 43. Bd4 Nxd5 44. Re2 1/2-1/2